Word Ladder: Quality Rating Quiz Stats

 Plays Quiz Updated Nov 30, 2018

Challenge
Share
Tweet
Embed
Score 0/21 Timer 02:30
3 Plays Today
Clue 4-Letter Word % Correct
Like lemons & limesSOUR
94.5%
Move liquid between containersPOUR
94.1%
Hurt with hand, not a punchSLAP
92.7%
French onion and miso are types of thisSOUP
92.3%
Type of TV show, you wouldn't see Puccini hereSOAP
86.5%
An informal talkCHAT
83.9%
She used to sing with Sonny BonoCHER
83.7%
Burn the edges ofCHAR
81%
☆Rated 1/5☆☹️ POOR ☹️
78%
Do as toldOBEY
68%
☆Rated 5/5☆🙂 GOOD 🙂
66.4%
Clue 4-Letter Word % Correct
Capricorn animalGOAT
66.1%
Skin care companyOLAY
65.1%
Urge onGOAD
63.3%
Sarcastic or appreciative, depending on speedCLAP
61.1%
3D art materialCLAY
60.4%
☆Rated 3/5☆😐 OKAY 😐
59.7%
Steps down to a holy riverGHAT
55.2%
Turkish tile gameOKEY
45.9%
Ken who hosted 'Remote Control'OBER
31.9%
One with a handle in a truckCBer
29.7%

Today's Daily Dose

You're not logged in!

Compare scores with friends on all Sporcle quizzes.
OR
Log In

You Might Also Like...

Show Comments

Extras

Top Quizzes Today


Score Distribution

Your Account Isn't Verified!

In order to create a playlist on Sporcle, you need to verify the email address you used during registration. Go to your Sporcle Settings to finish the process.

Report this User

Report this user for behavior that violates our Community Guidelines.

Details: